00605nam a2200145 a 45000010005000000030005000050050017000100080041000270400020000681100040000882450058001282600056001863000010002425000207002525761CDMR20131011164709.0130130s1986||||||||||||||||||||||||spa|d aCDMRbcatcCDMR2 aAsociación de la Prensa de Madrid10a[90 aniversario]cAsociación de la Prensa de Madrid a[MadridbAsociación de la Prensa de Madridc1986] a55 p. aFullet commemoratiu de l'acte de celebració del 90è aniversari de la fundació de l'Asociación de la Prensa de Madrid, que va tenir lloc el 9 de desembre de 1986 al Palacio de la Prensa de Madrid